000 00470nam a22001577a 4500
999 _c9086
_d9086
003 GBCCL
005 20241126110705.0
008 220405b ||||| |||| 00| 0 eng d
040 _cgbc
082 _aARCH GBC-2021
_bSUA
100 _aSuanzamuan, H
_915846
245 _aAn analyssis into the attempts of locating the Centre of Pauline thought with an emphasis on edification
260 _aNew Lamka:
_bGrace Bible College,
_c 2021
300 _a57p. ;
942 _2ddc
_cTH